Movie Character by Quote Quiz Stats

 Plays Quiz Updated Jul 2, 2018

Challenge
Share
Tweet
Embed
Score 0/20 Timer 06:00
6 Plays Today
Quote Character % Correct
A census taker once tried to test me. I ate his liver with some fava beans and a nice Chianti.Hannibal Lecter
74.2%
I'm pretty sure there's a lot more to life than being really, really, ridiculously good-looking. Derek Zoolander
55.9%
The ability to destroy a planet is insignificant next to the power of the force.Darth Vader
55.3%
That's not a knife...THAT'S a knife.Mick Dundee
51.5%
I wish I could speak whale.Dory
50.8%
No, Mr. Bond, I expect you to die!Auric Goldfinger
46.2%
Father to a murdered son. Husband to a murdered wife. And I will have my vengeance, in this life or the next.Maximus
43.6%
Well, I got her numbah. How do you like them apples?Will Hunting
43.3%
I’m not bad. I’m just drawn that way.Jessica Rabbit
42.9%
Frankly, my dear, I don't give a damn!Rhett Butler
41.9%
Quote Character % Correct
Ronald Reagan? The actor?!Doc Brown
38.8%
A boy's best friend is his mother.Norman Bates
38.5%
I have many leather-bound books, and my apartment smells of rich mahogany.Ron Burgundy
34%
Greed, for lack of a better word, is good.Gordon Gekko
33.8%
You keep using that word. I do not think it means what you think it means.Inigo Montoya
25.9%
Mmm-mmm, that is a tasty burger!Jules Winnfield
23.5%
The Kobayashi Maru scenario frequently wreaks havoc on students and equipment.Spock
23%
It will be mine. Oh yes. It will be mine.Wayne Campbell
17.2%
Obviously you're not a golfer.The Dude
11.4%
I couldn't help it, boss. I tried to take it back, but it was too late. John Coffey
10.8%

You're not logged in!

Compare scores with friends on all Sporcle quizzes.
OR
Log In

You Might Also Like...

Show Comments

Extras

Top Quizzes Today


Score Distribution

Your Account Isn't Verified!

In order to create a playlist on Sporcle, you need to verify the email address you used during registration. Go to your Sporcle Settings to finish the process.

Report this User

Report this user for behavior that violates our Community Guidelines.

Details: